El desierto es fértil (Record no. 38505)

MARC details
000 -LEADER
campo de control de longitud fija 00691nam a2200205 i 4500
001 - NÚMERO DE CONTROL
campo de control 38505
003 - IDENTIFICADOR DE NÚMERO DE CONTROL
campo de control ES-MaACL
005 - FECHA Y HORA DE LA ÚLTIMA TRANSACCIÓN
campo de control 20230906155753.0
007 - CAMPO FIJO DE DESCRIPCIÓN FÍSICA--INFORMACIÓN GENERAL
campo de control de longitud fija t|
008 - DATOS DE LONGITUD FIJA--INFORMACIÓN GENERAL
campo de control de longitud fija 030225s1972 sp ||||1| spa d
100 1# - ENTRADA PRINCIPAL--NOMBRE DE PERSONA
Nombre de persona Cámara, Helder
Títulos y otros términos asociados al nombre Arzobispo de Olinda-Recife.
9 (RLIN) 33983
245 13 - MENCIÓN DEL TÍTULO
Título El desierto es fértil
Resto del título : libro de ruta para las minorías abrahámicas /
Mención de responsabilidad, etc. Helder Cámara ; [tradujo Ramón M. Sans Vila].
260 ## - PUBLICACIÓN, DISTRIBUCIÓN, ETC.
Lugar de publicación, distribución, etc. Salamanca :
Nombre del editor, distribuidor, etc. Sígueme,
Fecha de publicación, distribución, etc. 1972.
300 ## - DESCRIPCIÓN FÍSICA
Extensión 89 p. ;
Dimensiones 21 cm.
490 1# - MENCIÓN DE SERIE
Mención de serie Séptimo sello ;
Designación de volumen o secuencia 17
700 1# - ENTRADA AGREGADA--NOMBRE PERSONAL
Nombre de persona Sans Vila, Ramón María.
9 (RLIN) 103213
830 0# - PUNTO DE ACCESO ADICIONAL DE SERIE-TÍTULO UNIFORME
Título uniforme Séptimo sello ;
Designación de volumen o secuencia 17
9 (RLIN) 181767
852 ## - LOCALIZACIÓN
Ubicación ES-MaACL
Número de control de estantería C-47908
Sublocalización o colección R.83013
Holdings
Estatus retirado Estado de pérdida Estado de daño No para préstamo Biblioteca de origen Biblioteca actual Ubicación en estantería Fecha de adquisición Fuente de adquisición Total de préstamos Signatura topográfica completa Código de barras Visto por última vez Precio de reemplazo Tipo de ítem Koha
        Biblioteca del Ateneo de Madrid Biblioteca del Ateneo de Madrid Depósito 2 17/01/2008     C-47908 1040539 23/02/2023 23/02/2023 Libro impreso